Macmillan English / (Record no. 112854)
[ view plain ]
| 000 -LEADER | |
|---|---|
| fixed length control field | 00475nam a2200169 a 4500 |
| 001 - CONTROL NUMBER | |
| control field | 1099 |
| 005 - DATE AND TIME OF LATEST TRANSACTION | |
| control field | 20140414131953.0 |
| 008 - FIXED-LENGTH DATA ELEMENTS--GENERAL INFORMATION | |
| fixed length control field | 041020s19uu xx 00 eng d |
| 020 ## - INTERNATIONAL STANDARD BOOK NUMBER | |
| International Standard Book Number | 0-02-245230-3 |
| 050 ## - LIBRARY OF CONGRESS CALL NUMBER | |
| Classification number | TR 428.6 |
| Item number | T351 1979 |
| 100 ## - MAIN ENTRY--PERSONAL NAME | |
| Personal name | Thoburn, Tina |
| 245 ## - TITLE STATEMENT | |
| Title | Macmillan English / |
| Statement of responsibility, etc | Tina Thoburn ; Ann Cox. |
| 260 ## - PUBLICATION, DISTRIBUTION, ETC. (IMPRINT) | |
| Place of publication, distribution, etc | New York: |
| Name of publisher, distributor, etc | Macmillan Pub., |
| Date of publication, distribution, etc | 1979. |
| 300 ## - PHYSICAL DESCRIPTION | |
| Extent | 92 p. : ill. ; cm. |
| 650 ## - SUBJECT ADDED ENTRY--TOPICAL TERM | |
| Topical term or geographic name as entry element | English language |
| General subdivision | Study and teaching. |
| Withdrawn status | Lost status | Damaged status | Use restrictions | Home library | Current library | Shelving location | Date acquired | Source of acquisition | Total Checkouts | Full call number | Barcode | Date last seen | Price effective from | Koha item type |
|---|---|---|---|---|---|---|---|---|---|---|---|---|---|---|
| Munich Library | Munich Library | Teachers Reference Section | 10/20/2004 | TR 428.6 T351 1979 | M4256 | 04/14/2014 | 04/14/2014 | Books |